[Event "EU-Cup 23rd"]
[Site "Kemer"]
[Date "2007.10.04"]
[Round "2.2"]
[White "Adams, Michael"]
[Black "Smirin, Ilia"]
[Result "1-0"]
[WhiteElo "2729"]
[BlackElo "2649"]
[Annotator "Avrukh,B"]
[PlyCount "115"]
[EventDate "2007.10.03"]
[EventType "team-swiss"]
[EventRounds "7"]
[EventCountry "TUR"]
[SourceTitle "CBM 121"]
[Source "ChessBase"]
[SourceDate "2007.11.14"]
[SourceVersion "1"]
[SourceVersionDate "2007.11.14"]
[SourceQuality "1"]
[WhiteTeam "Merida Linex Magic"]
[BlackTeam "Ashdod"]
[WhiteTeamCountry "ESP"]
[BlackTeamCountry "ISR"]

1. e4 c5 2. Nf3 e6 3. d4 cxd4 4. Nxd4 a6 5. Bd3 Bc5 6. Nb3 Ba7 7. O-O Nc6 8.
Qg4 Qf6 ({It would be interesting to see if Black has sufficient compensation
after} 8... Nf6 9. Qxg7 Rg8) 9. N1d2 $5 $146 {A new try. which actually
doesn't change the assessment of this variation as quite playable for Black.} (
{White didn't manage to pose Black a serious problems either after} 9. Qg3 Qg6
10. Qh4 Nf6 11. Nc3 Qg4 12. Bg5 Qxh4 13. Bxh4 h6 14. Bg3 Ke7 15. Rad1 d6 $11 {
1-0 Persitz,R-Veizaj,M/Leipzig 1960/EXT 1999 (58)}) ({,or} 9. Nc3 Nge7 10. Kh1
Ne5 11. Qg3 Nxd3 12. cxd3 Qg6 13. Qh4 d6 14. Na5 Bb6 15. Nc4 Bc7 16. Be3 b5 17.
Nb6 Rb8 18. Nxc8 Rxc8 $11 {0-1 Ginzburg,M-Kovalev,A/Saint Vincent 2005/CBM 110
(52)}) 9... Ne5 {Black has to cover the c4-square.} ({Clearly worse would have
been} 9... Nge7 10. Nc4 O-O (10... Ne5 11. Nd6+) 11. Bg5 Qg6 12. Qh4 $1 $16)
10. Qg3 Ne7 11. Nc4 (11. Kh1 $143 O-O 12. f4 Nxd3 13. cxd3 d5 {and Black is
even slightly better.}) 11... Nxc4 12. Bxc4 Nc6 $6 {A first inaccuracy, which
allows White to take over the initiative.} (12... b5 13. e5 (13. Bd3 Nc6 $14 (
13... Qg6 14. Qh4 $1)) 13... Qg6 14. Bd3 Qxg3 15. hxg3 Nc6 16. Re1 $14 {
[%cal Ga2a4] and Black has the clearly inferior endgame.}) ({The correct move
would have been} 12... Bb8 $1 13. Qg5 (13. f4 d5 {the point is, that Black's N
is well-placed on e7 , where it supports the d7-d5 advance .} 14. Bd3 Ba7+ 15.
Kh1 dxe4 16. Bxe4 Nf5 $11) 13... Qxg5 14. Bxg5 b6 {with level play .}) 13. Bf4
$1 {[%cal Cf6b2,Gf4d6] A very strong move, which was most probably overlooked
by Smirin.} e5 $6 ({Obviously it was very dangerous to accept the pawn
sacrifice} 13... Qxb2 14. c3 (14. Bd6 $5) 14... g6 (14... O-O 15. Bh6 $16) 15.
Rfb1 Qa3 16. Bd6 Qa4 17. Nd2 $16 {[%csl Re8]}) ({but it was quite possible to
play} 13... b5 14. Bd3 (14. e5 Qg6 15. Bd3 Qxg3 16. Bxg3 Bb7 17. c3 f5 $5 18.
exf6 gxf6 $14) 14... Bb8 {,although White keeps better chances after} 15. Bxb8
Rxb8 16. c3 O-O 17. Rfd1 e5 18. c4 $1 $14) 14. Be3 $1 {Now this is a right
moment to exchange dark-squared bishops. Finally White has obtained a clear
positional advantage. Black's position is very unpleasant, without any real
counterplay. Actually this is the worst sort of position to get against Adams.}
O-O 15. Rad1 {[%csl Gd5]} Bxe3 (15... d6 16. Rd2 Be6 17. Bxe6 Qxe6 18. Bxa7
Rxa7 19. Rfd1 Rd8 20. Qe3 Raa8 21. Qb6 $16) 16. Qxe3 (16. fxe3 $2 Qe7 $13)
16... d6 17. Rd2 a5 $6 {Obviously Ilia is trying to create some play, but
unfortunately this only creates an additional weaknesses in his camp.} ({
Also after} 17... Be6 18. Bxe6 Qxe6 19. Rfd1 Rfd8 20. Qb6 Rab8 21. Rd5) ({,or} 
17... Qe7 18. Rfd1 Rd8 19. Qb6 Be6 20. Bxe6 fxe6 21. c4 {Black's position is
very unpleasant.}) 18. a4 {[%csl Ra5,Rb5]} Be6 19. Bxe6 Qxe6 20. Qd3 $1 {
[%csl Gd6][%cal Gd3b5] Much more accurate than} (20. Qb6 $6 Qc4 $1 {[%csl Ga4,
Ge4]}) 20... Nb4 ({Objectively it was better to suffer after} 20... Rfd8 21.
Qb5 Qe7 22. Rfd1 $16 {and of course White's advantage is beyond any doubts.})
21. Qxd6 $1 {Correctly evaluating the resulting endgame} ({After} 21. Qb5 Rac8
22. Nxa5 Nxc2 {[%cal Cb5b7,Gc2d4] Black gets some counterplay.}) 21... Qxd6 22.
Rxd6 Nxc2 23. Rb6 {[%csl Ra5,Rb5,Rb7] Now White is strategically winning.} f6 (
23... Rfd8 24. Rxb7 Nd4 25. f3 $16) 24. g3 {In any case a useful move.} ({
Quite strong would have been the straightforward} 24. Rd1 $5 Rf7 25. Rd5 $16)
24... Rfc8 25. Rd1 Rc7 26. Kf1 {Typical Adams style, he is trying not to allow
Black a single chance for counterplay.} ({I see nothing wrong with} 26. Rd5 {
and if} Ne1 27. Rxa5 Rxa5 28. Nxa5 Rc1 29. Nxb7 Nd3+ 30. Kg2 Rc2 31. Nd6 $18 {
White wins easily}) 26... h5 27. h4 {The same strategy.} Kh8 {Very passive; it
was better to try} (27... Rc4 28. Rxb7 Rxe4 29. Rdd7 Rg4 30. Rdc7 (30. Nc5 $6
Nd4 $14) 30... Nb4 (30... Nd4 $140 31. Nxd4 exd4 32. Ke2 $18) 31. Nc5 Re8 {
, although here White keeps a clear edge after} (31... Na6 32. Nxa6 Rxa6 33. b3
$16) 32. b3 $16) 28. Rd2 Rac8 {Black decides to give up a pawn, trying to
create some counterplay.} (28... Kh7 29. Rb5 $16) 29. Nxa5 Nd4 30. Nb3 $1 {
The best practical decision. The endgame with two pairs of rooks is absolutely
winning for White.} Nxb3 31. Rxb3 $18 Rc1+ 32. Kg2 R8c7 33. a5 Re1 34. Kf3 (34.
Rb4 $5) 34... Kh7 35. Rb6 Rc4 {This looks like a sucidal decision, but in fact
it's a very nice trap .} (35... Kg6 36. Rd3 Rc2 37. Re3 Rf1 38. Re2 {should be
winning for Black.}) 36. Rxb7 $2 {Falling exactly into the trap} ({Easily
winning would have been} 36. Rd7 f5 37. exf5 e4+ 38. Kf4 e3+ 39. Kf3 $18) 36...
f5 $3 {[%csl Rf3] A fantastic resource, definitely missed by Michael It's hard
to believe, but now Black gets real chances to escape.} 37. Re2 ({Suddenly
after} 37. exf5 e4+ 38. Kg2 Rcc1 $1 {[%csl Rg2] Black gets some serious
counterplay against White's K.} 39. g4 (39. f4 e3 40. Rdd7 Rc2+ 41. Kf3 e2 42.
Rxg7+ Kh8 43. Rh7+ $11) 39... Rg1+ 40. Kh2 Rxg4 41. f3 exf3 42. f6 Rf4 43.
Rxg7+ Kh6 44. Rd8 Rxf6 45. Rg5 Rc2+ 46. Kh3 Kh7 47. Rxh5+ Kg6 48. Rg5+ Kh7 {
and Black's counterplay is enough for the draw.}) 37... fxe4+ 38. Ke3 Rd1 39.
Rb3 Ra4 40. Rd2 Re1+ 41. Re2 Rd1 42. a6 (42. Rc2 $5) 42... Rdd4 $6 ({I think
Black keeps some chances to escape after} 42... Kg6 $142 43. Rc2 Rxa6 (43...
Kf5 44. Rb7 Rxa6 45. Rxg7 Rd3+ 46. Ke2 $16) 44. Kxe4 Kf6) (42... Rd6 43. Rc2 (
43. Rd2 Rxd2 (43... Rdxa6 44. Rb7 Ra1)) 43... Rdxa6 44. Rc5 Rf6 45. Rb7 $16)
43. Rd2 $2 {This is not so good an idea to exchange one pair of rooks. It was
much stronger to keep all the rooks on the board.} (43. Rc2 $142 Rxa6 (43...
Rd6 44. Rc5 Rf6 45. Ke2 Raxa6 46. Rxe5) 44. Rc5 (44. Rb5 Kh6 45. Rxe5 Rb4 46.
Rxe4 Rb3+ 47. Kd2 Ra2 $11) 44... Re6 45. Rb7 ({Only not} 45. Rxe5 $2 Rxe5 46.
Kxd4 Rf5 47. Kxe4 Rxf2 48. Rb6 Rc2 {seems to me drawish.}) 45... Kg6 (45... Rd1
46. Kxe4 Re1+ 47. Kd5 Rg6 48. b4 Re2 49. Rf7 Rb6 50. b5 Rb2 51. Kc4 Rc2+ 52.
Kb4 Rb2+ 53. Ka5) (45... Rf6 46. Rcc7) 46. Rcc7 Kf5 47. Rf7+ Rf6 48. Rxg7 Rd3+
49. Ke2 Rc6 50. Rbf7+ Ke6 51. Rg6+ Kxf7 52. Rxc6 Rb3 53. Rh6 $18) 43... Rxd2
44. Kxd2 Rxa6 {Now the endgame is drawish, but White still can create some
problems for Black.} 45. Rb5 ({The point is that after} 45. Ke3 Rf6 46. Kxe4
Rxf2 47. Kxe5 Kg6 $11 {the endgame is drawish , due to the weakness of White's
g3-pawn.}) (45. Rb4 Rf6 46. Ke2 Rf3 47. Rxe4 Rb3 48. Rxe5 Rxb2+ 49. Kf3 g6 $11)
45... Rf6 46. Ke2 (46. Ke3 Rf3+ 47. Kxe4 Rxf2 48. Kxe5 Rf3 $11) 46... Kg6 47.
b4 Kf5 48. Rb7 g5 $5 {Interesting idea, which should lead to the draw .} ({
Two other option would have been sufficient for the draw as well.} 48... Ra6 $5
49. Rxg7 Ra2+ 50. Kf1 (50. Ke1 Ra1+ 51. Kd2 Ra2+ 52. Kc3 Ke6 53. b5 Rxf2 54. b6
Rf1 55. b7 Rb1 $11) 50... e3 (50... Ra1+ $2 51. Kg2 Ra2 52. Rg5+ Ke6 53. Kf1
Ra1+ 54. Ke2 Ra2+ 55. Ke3 $16) 51. fxe3 Ke4 52. Rg5 Kf3 53. Rf5+ Kxg3 54. Rxh5
e4 55. Rf5 Rb2 (55... Kxh4 56. Rf2 Ra1+ 57. Kg2) 56. Rf4 Rxb4 57. Ke1 Rb2 $11)
(48... g6 49. b5 Rd6 50. b6 Rd3 (50... Ke6 51. Rb8 Kd5 52. Ke3 Rf6 53. Rd8+ Kc6
54. Kxe4 Rxf2 55. Rg8 Re2+ 56. Kd3 Re1 57. Rxg6+ Kb7 58. Rh6 Rg1 59. Ke4 Rxg3
60. Rxh5 Kxb6 61. Kxe5 Kc6 62. Rg5 Re3+ 63. Kf6 $11) 51. Rb8 Rb3 52. Kd2 Kg4
53. b7 e3+ 54. fxe3 Kxg3 $11) 49. hxg5 Kxg5 50. Ke3 (50. Rb8 Kg4 $1 {The point
behind Black's 48th move.Black's king hides on g2 ,attacking f2-pawn at the
same time.} (50... Rf3 51. b5 Rb3 52. b6 Kg6 53. b7 Kg7 54. Kd2 $18 {and
White's K goes to d5 with an easy win.}) 51. b5 Kh3 (51... Rf3 $2 52. b6 Rb3
53. b7 Kh3 54. g4 $1 $18) 52. b6 Kg2 53. Ke3 Rxf2 54. Kxe4 Rb2 {with an easy
draw.}) 50... Kg4 $4 $138 {A very strange and unexpected lapse by Smirin.} ({
Black could have reached an easy draw after} 50... Rf3+ $1 51. Kxe4 (51. Ke2
Rb3 52. b5 e3 $1 53. fxe3 (53. f3 h4 54. gxh4+ Kxh4 $11) 53... Kf5 $11) 51...
Rxf2 52. Kxe5 (52. b5 Re2+ 53. Kd5 e4 54. b6 Kg4 $11) 52... Rb2 53. Kd4 (53. b5
Kg4 54. b6 Kxg3 55. Rb8 h4 56. b7 Kh2 $11) 53... Rb3 54. Kc4 (54. b5 Kf5 $11)
54... Rxg3 55. Rg7+ Kf4 56. Rxg3 Kxg3 57. b5 h4 58. b6 h3 59. b7 h2 60. b8=Q+
Kg2) 51. b5 $18 {Now White is winning.} Rf3+ 52. Kxe4 Rxf2 53. Rg7+ Kh3 54. Rg5
$1 ({Premature would have been} 54. b6 Rb2 55. b7 Rb5 56. Kd3 Rb6 57. Kc4 e4
$132) 54... h4 (54... Rb2 55. Rxh5+ Kxg3 56. Rxe5 {wins easily}) 55. gxh4 Re2+
56. Kd5 e4 (56... Rb2 57. Kc6 $18) 57. Re5 ({There is also an easy win after} 
57. h5 e3 58. Kd4 Kh4 59. Re5 $18) 57... e3 58. Ke4 {Black loses the e-pawn
and the resulting rook endgame with Black's K cut off on the 5th rank is
absolutely hopeless.} 1-0

[Event "Capablanca Memorial Elite 31st"]
[Site "Cienfuegos"]
[Date "1996.??.??"]
[Round "11"]
[White "Hernandez Guerrero, Gilberto Eduardo"]
[Black "Zapata, Alonso"]
[Result "1/2-1/2"]
[WhiteElo "2555"]
[BlackElo "2505"]
[Annotator "Baburin,A"]
[PlyCount "87"]
[EventDate "1996.05.??"]
[EventType "tourn"]
[EventRounds "13"]
[EventCountry "CUB"]
[EventCategory "12"]
[SourceTitle "CBM 054"]
[Source "ChessBase"]
[SourceDate "1996.10.01"]
[SourceVersion "1"]
[SourceVersionDate "1996.10.01"]
[SourceQuality "1"]

1. e4 c5 2. Nf3 e6 3. d4 cxd4 4. Nxd4 a6 5. Bd3 Nf6 6. O-O Qc7 7. Qe2 d6 8. c4
Be7 9. Nc3 O-O 10. f4 Nbd7 11. Be3 Re8 12. Rac1 g6 13. Kh1 b6 14. b4 Bb7 15. a3
Rac8 16. Nf3 Bf8 17. Bd2 Bg7 18. Qf2 Ng4 19. Qh4 f5 {[#]The idea of this
thrust is similar to one in the previous game - apart from protecting the
knight Black wants to activate the b7-bishop.} 20. Rce1 Nf8 21. h3 Nf6 22. Re2
fxe4 23. Bxe4 Nxe4 24. Nxe4 Qxc4 25. Rfe1 Bxe4 26. Rxe4 Qd5 27. Qf2 b5 28. Qa7
Rc2 29. R4e2 e5 30. fxe5 Ra2 31. exd6 Rxe2 32. Rxe2 Ra1+ 33. Re1 Rxe1+ 34. Bxe1
Qxd6 35. Qe3 Qe6 36. Qd3 Bb2 37. Bg3 Qc4 38. Qd8 Bg7 39. Bd6 Qd3 40. Kh2 h6 41.
Qb6 Qxa3 42. Bxf8 Kxf8 43. Qd8+ Kf7 44. Qd5+ 1/2-1/2

[Event "Moscow"]
[Site "Moscow"]
[Date "1981.04.??"]
[Round "6"]
[White "Beliavsky, Alexander G"]
[Black "Gheorghiu, Florin"]
[Result "1/2-1/2"]
[WhiteElo "2620"]
[BlackElo "2545"]
[Annotator "Belov,I"]
[PlyCount "61"]
[EventDate "1981.04.08"]
[EventType "tourn"]
[EventRounds "13"]
[EventCountry "URS"]
[EventCategory "15"]
[SourceTitle "MCL"]
[Source "ChessBase"]
[SourceDate "1999.07.01"]
[SourceVersion "1"]
[SourceVersionDate "1999.07.01"]
[SourceQuality "1"]

1. e4 c5 2. Nf3 e6 3. d4 cxd4 4. Nxd4 a6 5. Bd3 Nf6 6. O-O d6 7. c4 Be7 (7...
g6 8. Nc3 Bg7 9. Be3 O-O 10. Be2 Nbd7 11. Qd2 Nc5 12. f3 Re8 13. Rfd1 $16 {
Marjanovic,S-Tosic,M/Nis/1993/0,5 (70) Inf 59/202/}) (7... b6 8. Nc3 Bb7 9. f4
Be7 10. Kh1 O-O 11. Qe2 Nc6 12. Nxc6 Bxc6 13. b3 Bb7 14. Bb2 g6 15. Rad1 $14 {
Nunn,J-Gheorghiu,F/Hamburg/1984/1:0 (40) Inf 38/217/}) 8. Nc3 (8. Qe2 Nbd7 9.
f4 Qc7 10. b3 O-O 11. Bb2 b6 12. Nd2 $14) 8... O-O 9. Be3 Nbd7 (9... b6 10. f4
$5 Qc7 (10... Bb7 11. e5 $1 $16) 11. Rc1 Bb7 12. f5 Qd7 13. g4 $16 {Psakhis,
L-Sideif_Sade,F/URS/1983/1:0 (26) Inf 36/226/}) 10. f4 (10. Rc1 Re8 11. f4 Bf8
12. Nb3 $1 $14 {Barua,D-Gheorghiu,F/London/1980/0:1 (58) Inf 32/235/}) 10...
Re8 11. Kh1 Bf8 12. g4 $6 (12. Qe2 Qc7 13. Rac1 b6 14. b4 Bb7 15. Nb3 Rac8 16.
a4 $14 {Pritchett,C-Gheorghiu,F/London/1980/1:0 (30) Inf 30/331/}) 12... g6 $1
13. g5 Nh5 {/\ e5/} 14. f5 exf5 15. Nxf5 Nc5 $1 16. Nd5 (16. Nh6+ Bxh6 17. gxh6
Be6 $13) 16... Nxe4 17. Bd4 Bxf5 $1 $15 (17... Qxg5 18. Be3 Qd8 19. Bb6 $10)
18. Rxf5 Bg7 (18... gxf5 $2 19. Qxh5 Bg7 20. Nf6+ Nxf6 21. gxf6 Bxf6 22. Rg1+
$18) 19. Bxg7 Kxg7 20. Bxe4 Rxe4 21. Rxf7+ $8 Kxf7 22. Qf3+ Kg8 $1 (22... Kg7
23. Qxe4 Qxg5 $2 24. Nc7 $16) 23. Qxe4 Qxg5 24. Qe6+ Kh8 25. Rf1 $44 Rd8 26. b3
b5 27. Qe4 bxc4 28. bxc4 Qe5 (28... Kg7 $5) 29. Qxe5+ dxe5 30. Rf7 Nf4 $10 31.
Nxf4 (31. Nf6 $4 Rd1#) (31. Nxf4 exf4 $10) 1/2-1/2